Emociones todo un reto / (Record no. 23546)

000 -CABECERA
fixed length control field 01061nam a22003017i 4500
003 - IDENTIFICADOR DEL NÚMERO DE CONTROL
control field AR-CdUCM
008 - DATOS DE LONGITUD FIJA--INFORMACIÓN GENERAL
fixed length control field 260306b20202020 pe||||| |||| 00| 0 spa d
020 ## - NÚMERO INTERNACIONAL ESTÁNDAR DEL LIBRO
ISBN 978-84-330-3113-6
040 ## - FUENTE DE LA CATALOGACIÓN
Agencia/entidad que catalogó originalmente la obra MUNICIPALIDAD PROVINCIAL DEL CUSCO
Entidad que transcribió la catalogación BIBLIOTECA MUNICIPAL DEL CUSCO
082 ## - NÚMERO DE LA CLASIFICACIÓN DECIMAL DEWEY
No. de Clasificación EP / 803
Notacion interna S66
100 ## - ENTRADA PRINCIPAL--NOMBRE DE PERSONA
Nombre Personal Solaz Solaz, Eva
245 ## - MENCIÓN DE TÍTULO
Título Emociones todo un reto /
260 ## - PUBLICACIÓN, DISTRIBUCIÓN, ETC.
Lugar de publicación, distribución, etc. Bilbao-España :
Nombre de la editorial, distribuidor, etc. Editorial Descrée de Brouwer A.S.
Fecha de publicación, distribución, etc. 2020
300 ## - DESCRIPCIÓN FÍSICA
Nº de Páginas Extensión 169 páginas. :
Dimensiones |21x15 cm.
500 ## - NOTA GENERAL
Bibliografía Página 169
505 ## - NOTA DE CONTENIDO CON FORMATO
Nota de contenido formateada Descubrimos las emociones -- El jardín de los sentimientos -- El mundo de las emociones -- Expresamos sentimientos -- La caja de las emociones -- Tertulias emocionales
650 ## - PUNTO DE ACCESO ADICIONAL DE MATERIA--TÉRMINO DE MATERIA
Descriptor Emociones
9 (RLIN) 16534
650 ## - PUNTO DE ACCESO ADICIONAL DE MATERIA--TÉRMINO DE MATERIA
Descriptor Respeto a la diversidad
9 (RLIN) 52382
650 ## - PUNTO DE ACCESO ADICIONAL DE MATERIA--TÉRMINO DE MATERIA
Descriptor Actividades
9 (RLIN) 25904
650 ## - PUNTO DE ACCESO ADICIONAL DE MATERIA--TÉRMINO DE MATERIA
Descriptor Talleres reto
9 (RLIN) 52383
650 ## - PUNTO DE ACCESO ADICIONAL DE MATERIA--TÉRMINO DE MATERIA
Descriptor Espacio de calma
9 (RLIN) 52384
650 ## - PUNTO DE ACCESO ADICIONAL DE MATERIA--TÉRMINO DE MATERIA
Descriptor Música reto
9 (RLIN) 52385
650 ## - PUNTO DE ACCESO ADICIONAL DE MATERIA--TÉRMINO DE MATERIA
Descriptor Recursos
9 (RLIN) 39
856 ## - LOCALIZACIÓN Y ACCESO ELECTRÓNICOS
Dirección electrónica www.edesclee.com
942 ## - ELEMENTOS DE PUNTO DE ACCESO ADICIONAL (KOHA)
Fuente de clasificación
Tipo de item Libros-BMC
945 ## - PROCESAMIENTO DE INFORMACIÓN LOCAL (OCLC)
Catalogador pbjr
AAAA-MM-DD - Fecha de ingreso o modificacion 06.-03-2026
Holdings
Estado de retiro (separado) Fuente de clasificación o esquema de estanterías Estado dañado Ubicación Sala donde se ubica Nombre de la colección Fecha de adquisición o compra Fuente de adquisición Costo, precio normal en soles Signatura topográfica Código de Barras Última vez visto (Koha) Tipo de ítem (Koha)
No     Sala de Infantes Sala de Infantes Book Cart 2026-03-06 Donación 15.00 EP / 803 / S66 SI00005171 2026-03-06 Libros-BMC

Powered by Koha